• 首页
  • 本馆介绍
  • 公告通知
  • 最新文献
  • 馆藏检索
  • 电子资源
  • 读者导购
  • 参考咨询
  • 我的图书馆
  • 登录
  • 详细信息显示
  • 放入我的书架
  • 预约/预借图书
  • 作者相关作品
  • 分类相关作品
  • 丛书相关作品
  • 出版社相关作品

书目信息

  • 表格格式
  • 工作单格式
  • 卡片格式
题名:
图书情报工作与研究
    
 
作者: 黄晓鹂 , 李黎明 主编
分册:  
出版信息: 北京   中国科学技术出版社  1998
页数: 247页
开本: 26cm
丛书名:
单 册:
中图分类: G250-53
科图分类:
主题词: 图书馆学 , 图书馆事业
电子资源:
ISBN: 7-5046-2465-9
000 00654nam0 2200217 450
001 0752220245
005 20070726131336.46
010    @a7-5046-2465-9@dCNY35.00
100    @a20070721d1998 km y0chiy0120 ea
101 0  @achi
102    @aCN@b110000
200 1  @a图书情报工作与研究@Atu shu qing bao gong zuo yu yan jiu@f黄晓鹂,李黎明主编@Fhuang xiao li,li li ming zhu bian
210    @a北京@c中国科学技术出版社@d1998
215    @a247页@d26cm
606 0  @a图书馆学
606 0  @a图书馆事业
690    @aG250-53@v3
701  0 @a黄晓鹂@Ahuang xiao li@4主编
701  0 @a李黎明@Ali li ming@4主编
801  0 @aCN@bPFT@c20070726
905    @a10447@dG250-53@e115
    
    图书情报工作与研究/黄晓鹂,李黎明主编.-北京:中国科学技术出版社,1998
    247页;26cm
    
    
    ISBN 7-5046-2465-9:CNY35.00
    
●
相关链接 在E读中查询图书 在五车中查询图书 在当当中查询图书 在豆瓣中查询图书


正题名:图书情报工作与研究     索取号:G250-53/115         预约/预借

序号 登录号 条形码 馆藏地/架位号 状态 备注
1 0766255   207662554   第一样本阅览室/ [索取号:G250-53/115] 在馆    
2 0788865   207888650   第四借阅区/ [索取号:G250-53/115] 在馆    
3 0788866   207888669   第四借阅区/ [索取号:G250-53/115] 在馆    
唐山师范学院图书馆 欢迎您!
大连网信软件有限公司© 版权所有